Monaco Movies by Picture - Statistics

General Stats
  • This quiz has been taken 253 times
  • The average score is 4 of 16
Answer Stats
Picture Answer % Correct
Iron Man 2
95%
Madagascar 3: Europe's Most Wanted
89%
Herbie Goes to Monte Carlo
54%
GoldenEye
53%
Grace of Monaco
27%
Monte Carlo
22%
The Red Shoes
22%
To Catch a Thief
19%
The Transporter Refueled
15%
Grand Prix
13%
Monte Carlo or Bust!
4%
Monte Carlo Baby
3%
Bay of Angels
2%
Heartbreaker
2%
My Way
2%
Priceless
2%
No matching quizzes found
Score Distribution
Percent of People with Each Score
Percentile by Number Answered
Your Score History
You have not taken this quiz